| 000 | 00823nas a2200265 4500 | ||
|---|---|---|---|
| 001 | BR0001968 | ||
| 003 | BR-BrBNA | ||
| 005 | 20231205101822.0 | ||
| 007 | ta | ||
| 008 | 230509b bl.|||p| |||| 00| 00por d | ||
| 040 |
_aBR-BrBNA _bpor _cBiblioteca Nacional de Agricultura |
||
| 041 | _a(Pt) | ||
| 072 | _aH10 | ||
| 100 | 1 | _aSalles, L.A. | |
| 245 | 1 | _aColonizacao e dispersao de adultos de Anastrepha fraterculus (Wied.)(Diptera: Tephritidae)em pomares de pessegueiro e macieira | |
| 650 | _aPessego | ||
| 650 | _aMaca | ||
| 650 | _aMosca das Frutas | ||
| 650 | _aFlutuacao Populacional | ||
| 650 | _aDispersao | ||
| 650 | _aHabitat | ||
| 773 | 0 |
_tPesquisa Agropecuaria Gaucha (Brazil) _xISSN 0104-9070 _g(1999), v. 5(1) p. 37-41 _wBR0001968 |
|
| 909 |
_a202311 _bLúcia _c55 _dLúcia Elande |
||
| 942 |
_2AGRIS _n0 _cANA |
||
| 999 |
_c164131 _d164131 |
||